Sur le meurtre d'Eratosthène, Lysias Partie 1 - Statistiques

Statistiques générales
  • Ce quiz a été pris 15 fois
  • Le résultat moyen est 11 sur 12
Statistiques - réponses
Hint Réponse % Correct
ἐτελεύτησε, décéda
100%
μοι πάντων τῶν κακῶν de tous mes maux
100%
αἰτία γεγένηται. elle fut la cause
100%
ἀποθανοῦσα en mourant
100%
ἡ ἐμὴ γυνὴ ma femme
100%
δέ μοι ἡ μήτηρ ma mère
100%
ὑπὸ τούτου τοῦ ἀνθρώπου par cet homme
100%
ὀφθεῖσα, ayant été vue
83%
χρόνῳ διαφθείρεται· est corrompue petit à petit
83%
Ἐπ' ἐκφορὰν lors du convoi funèbre
83%
Ἐπειδὴ δέ Lorsque
83%
γὰρ αὐτῇ ἀκολουθήσασα car l'ayant accompagnée
67%
Aucun quiz correspondant
Distribution des résultats
% des personnes avec chaque résultat
Percentile par nombre de réponses
Votre historique - résultats
Vous n’avez pas pris ce quiz